แสดงรายละเอียดบรรณานุกรม
  กลับหน้าหลัก

Brief Record : Get Marc (ISO 2709) : E-mail record : QR code ปิดหน้าต่าง
E-books : เกี่ยวกับ Collections
LEADER 00000nam 2200000uu 4500
008    131030s2553||||th 000 0 tha d
020    ^a9786161103248
041 0  ^atha
060  4 ^aวจ WM274 บ249 2553
100 0  ^aบังอร สุปรีดา...[และคนอื่นๆ].
245 00 ^aรายงานวิจัยเชิงปฏิบัติการ เรื่อง การมีส่วนร่วมของชุมชนเพื่อลดการดื่มและการดูแลผู้มีปัญหาจากการดื่มสุรา =^bCommunity participation in reduction of alcohol consumption and care for problem drinkers./^cบังอร สุปรีดา...[และคนอื่นๆ].
250    ^aพิมพ์ครั้งที่ 2
260    ^aเชียงใหม่ : ^bแผนงานการพัฒนาระบบ รูปแบบ และวิธีการบำบัดรักษาผู้มีปัญหาการบริโภคสุราแบบบูรณาการ (ผรส.),^c2553.
300    ^a74 หน้า : ^bภาพประกอบ ;^c30 ซม.
650  4 ^aการดื่มเครื่องดื่มที่มีแอลกอฮอล์ ^xการป้องกันและควบคุม.
700 0  ^aบังอร สุปรีดา
710 2  ^aแผนงานการพัฒนาระบบ รูปแบบ และวิธีการบำบัดรักษาผู้มีปัญหาการบริโภคสุราแบบบูรณาการ (ผรส.)
710 2  ^aกระทรวงสาธารณสุข กรมการแพทย์.
999    ^aใช้งานได้ทุกระบบ
รายการนี้ยังไม่มีแท็ก
คุณยังไม่ได้ล็อกอิน คุณสามารถมีกิจกรรมร่วมกับเว็บไซต์ได้ แต่ต้องล็อกอินก่อน ::
  ล็อกอิน
ลำดับที่ ประเภท เลขเรียก สถานที่ สถานะ
1. หนังสือทั่วไป
หนังสือทั่วไป
วจ WM274 บ249 2553  
  
หนังสือทั่วไป On Shelf
  ขอยืม
   [แสดง 1/1 รายการ]

BibComment


ยังไม่เคยถูกคอมเมนท์

คอมเมนท์ทรัพยากรรายการนี้
  คอมเมนท์: รายงานวิจัยเชิงป..
Bib 209134

 
 
 

 Union Library Management : ULibM
Copyright 2026. All Rights Reserved.
скачать бесплатно без регистрации порно красивый секс HD Sex Hindi sex

xxx gou

xxxx

bfxxx

xxxwww

Секса Видео

xxxx

Секса Видео

detube

geilexxx

C99 Shell

worms shell

blod xxx video
Ebony Coed Rihanna Rimes Takes A Dick In Her Young Twat priyaa indian fuck anal and pusssy hardcore indian women xxx desi hardcore fucking part 1 bengalixxxcouple